000 00441nam a2200145Ia 4500
008 211109s9999||||xx |||||||||||||| ||und||
082 _a891.432
_bCHA-K
100 _aChandra Mathur, Jagadish
245 0 _aKonark
260 _bVANI Prakasan
_aDelhi
_c1900
300 _a103p.
630 _xgeneral stack
650 _aLiterature & rhetoric
_vLiteratures of other languages
_x East Indo-European & Celtic literaturesGeneralia
942 _cBOOK
999 _c53675
_d53675